00598nam a2200169 i 450000100060000000300090000600500170001500700030003200800410003510000350007624500820011126000400019330000200023385200340025399900170028795201240030470210ES-MaACL20230906170744.0t|040720s1963 sp ||||1| spa d1 aGarcía Prada, Carlos.95513210aLetras hispanoamericanas b: ensayos de simpatía / cCarlos García Prada. aMadrid : bIberoamericanas, c1963. a2 v. ; c20 cm. aES-MaACLjC-27872-3 bR.56701 c70210d70210 00104070aATENEOMbATENEOMcDEPO2d2008-01-17eSCl0oC-27872-3p1073519r2023-02-23 00:00:00w2023-02-23yMONOGRAFIA